[Event "IECC KO-4030"]
[Site "IECC email"]
[Date "2012.03.25"]
[Round "?"]
[White "Simmelink, Joop Theo"]
[Black "Lewis, Matthew"]
[Result "1-0"]
[WhiteElo "2254"]
[BlackElo "2123"]
[PlyCount "85"]
[EventDate "2011.??.??"]
[EventType "match (corr)"]
[EventRounds "2"]
[SourceTitle "Telechess CBM 165"]
[Source "ChessBase"]
[SourceDate "2015.03.11"]
[SourceVersion "1"]
[SourceVersionDate "2015.03.11"]
[SourceQuality "1"]
[WhiteTeam "Netherlands"]
[BlackTeam "US of America"]
[WhiteTeamCountry "NED"]
[BlackTeamCountry "USA"]

1. e4 c5 2. Nf3 d6 3. d4 cxd4 4. Nxd4 Nf6 5. Nc3 a6 6. Bg5 e6 7. f4 Qb6 8. Qd2 Qxb2 9. Rb1 Qa3 10. e5 dxe5 11. fxe5 Nfd7 12. Ne4 h6 13. Bh4 Qxa2 14. Rd1 Qd5 15. Qe3 Qxe5 16. Be2 Bc5 17. Bg3 Bxd4 18. Rxd4 Qa5+ 19. Rd2 0-0 20. Bd6 Rd8 21. Qg3 Qf5 22. Be5 Qg6 23. Qh4 Nc6 24. Bh5 Qf5 25. Bxg7 Nc5 26. Nxc5 Kxg7 27. Rf1 Qe5+ 28. Ne4 Qa1+ 29. Rd1 Rxd1+ 30. Bxd1 Qe5 31. Rf6 Bd7 32. Qxh6+ Kg8 33. Rf4 f5 34. Rh4 Rd8 35. Rh3 Qxe4+ 36. Kf1 Qe5 37. Rg3+ Qxg3 38. hxg3 Kf7 39. Qg5 e5 40. c4 Ke6 41. Qg6+ Ke7 42. c5 Be6 43. Qg7+ 1-0

[Event "IECC KO-4026"]
[Site "IECC email"]
[Date "2009.12.04"]
[Round "?"]
[White "Kulczycki, Michael"]
[Black "Lewis, Matthew"]
[Result "1/2-1/2"]
[WhiteElo "2140"]
[BlackElo "2057"]
[PlyCount "55"]
[EventDate "2009.??.??"]
[EventType "match (corr)"]
[EventRounds "2"]
[SourceTitle "Corr 2013"]
[Source "ChessBase"]
[SourceDate "2012.11.12"]
[SourceVersion "1"]
[SourceVersionDate "2012.11.12"]
[SourceQuality "1"]
[WhiteTeam "Italy"]
[BlackTeam "Germany"]
[WhiteTeamCountry "ITA"]
[BlackTeamCountry "GER"]

1. e4 c5 2. Nf3 d6 3. d4 cxd4 4. Nxd4 Nf6 5. Nc3 a6 6. Bg5 e6 7. f4 Qb6 8. Qd2 Qxb2 9. Rb1 Qa3 10. f5 Nc6 11. fxe6 fxe6 12. Nxc6 bxc6 13. e5 dxe5 14. Bxf6 gxf6 15. Ne4 Qxa2 16. Rd1 Be7 17. Be2 0-0 18. 0-0 Ra7 19. Rf3 Rd7 20. Rg3+ Kh8 21. Qh6 Rf7 22. Qh5 Rxd1+ 23. Bxd1 Qa5 24. Kf1 Qd8 25. Qxf7 Qxd1+ 26. Kf2 Qxc2+ 27. Ke3 Bc5+ 28. Nxc5 1/2-1/2

[Event "IECC CL2-2009.09 email"]
[Site "IECC email"]
[Date "2009.08.15"]
[Round "?"]
[White "Lewis, Matthew"]
[Black "Boys, Kenneth E"]
[Result "1/2-1/2"]
[WhiteElo "2042"]
[BlackElo "2067"]
[PlyCount "76"]
[EventDate "2009.??.??"]
[EventType "tourn (corr)"]
[EventRounds "4"]
[SourceTitle "Telechess CBM 137"]
[Source "ChessBase"]
[SourceDate "2010.07.15"]
[SourceVersion "1"]
[SourceVersionDate "2010.07.15"]
[SourceQuality "1"]
[WhiteTeam "US of America"]
[BlackTeam "US of America"]
[WhiteTeamCountry "USA"]
[BlackTeamCountry "USA"]

1. e4 e5 2. Nf3 d6 3. d4 Nf6 4. dxe5 Nxe4 5. Qd5 Nc5 6. Bg5 Be7 7. Nc3 Bxg5 8. exd6 Bf6 9. Qxc5 cxd6 10. Bb5+ Nc6 11. Bxc6+ Kf8 12. Qc4 bxc6 13. 0-0-0 Rb8 14. Qxc6 Rb6 15. Qc4 Ba6 16. Qf4 h5 17. Qe3 Qc8 18. Nd4 Bb7 19. Ne4 Bxe4 20. Qxe4 g6 21. Rhe1 Qa6 22. a3 Kg7 23. Re3 d5 24. Qf4 Qc4 25. b3 Qc5 26. Kb2 Rc8 27. Rd2 a5 28. h3 Kg8 29. Rf3 a4 30. b4 Qc4 31. Kb1 Qf1+ 32. Kb2 Qc4 33. g4 Bg7 34. g5 Rb7 35. Re3 Bf8 36. c3 Bxb4 37. axb4 a3+ 38. Ka1 Qf1+ 1/2-1/2

[Event "IECC P-4486"]
[Site "IECC email"]
[Date "2008.10.02"]
[Round "?"]
[White "Mauro, Danilo"]
[Black "Lewis, Matthew"]
[Result "0-1"]
[WhiteElo "1596"]
[BlackElo "2010"]
[PlyCount "116"]
[EventDate "2008.??.??"]
[EventType "tourn (corr)"]
[EventRounds "1"]
[SourceTitle "Corr 2011"]
[Source "ChessBase"]
[SourceDate "2010.08.31"]
[SourceVersion "1"]
[SourceVersionDate "2010.08.31"]
[SourceQuality "1"]
[WhiteTeam "Italy"]
[BlackTeam "US of America"]
[WhiteTeamCountry "ITA"]
[BlackTeamCountry "USA"]

1. e4 e5 2. Nf3 Nc6 3. Bb5 a6 4. Ba4 Nf6 5. 0-0 Be7 6. Re1 b5 7. Bb3 0-0 8. h3 Bb7 9. d3 d6 10. a3 Na5 11. Ba2 c5 12. Nbd2 Nc6 13. Nf1 Bc8 14. Ne3 Be6 15. Nd5 Nd4 16. Nd2 Nxd5 17. exd5 Bd7 18. c3 Nf5 19. Ne4 a5 20. Qh5 Qb6 21. Bd2 Rac8 22. Ng5 h6 23. Ne4 Rfe8 24. Qe2 Rc7 25. Rab1 a4 26. Ra1 Rec8 27. Ng3 Nxg3 28. fxg3 Bg5 29. Bxg5 hxg5 30. Rad1 b4 31. c4 Rb7 32. Rf1 f6 33. Qh5 Be8 34. Qg4 Qd8 35. Qf5 Bd7 36. Qg6 bxa3 37. bxa3 Rb2 38. Bb1 Be8 39. Qe4 Bf7 40. Rc1 Rb3 41. Bc2 Rxa3 42. Rb1 g6 43. Rb2 f5 44. Qe1 Ra8 45. Qc1 Qf6 46. Rb7 Rc3 47. Qd2 e4 48. dxe4 Qd4+ 49. Qxd4 cxd4 50. Bb1 a3 51. exf5 d3 52. Kh2 Rxc4 53. Bxd3 Rd4 54. Be2 Bxd5 55. Rd7 a2 56. Ra1 Rb4 57. Bd3 Rb2 58. Rxd6 Rxg2+ 0-1

[Event "IECC KO-4025"]
[Site "IECC email"]
[Date "2008.09.18"]
[Round "?"]
[White "Markus, Roland"]
[Black "Lewis, Matthew"]
[Result "1-0"]
[WhiteElo "2259"]
[BlackElo "2029"]
[PlyCount "55"]
[EventDate "2008.??.??"]
[EventType "match (corr)"]
[EventRounds "2"]
[SourceTitle "Corr 2013"]
[Source "ChessBase"]
[SourceDate "2012.11.12"]
[SourceVersion "1"]
[SourceVersionDate "2012.11.12"]
[SourceQuality "1"]
[WhiteTeam "Hungary"]
[BlackTeam "South Africa"]
[WhiteTeamCountry "HUN"]
[BlackTeamCountry "RSA"]

1. d4 Nf6 2. e3 Nc6 3. d5 Ne5 4. f4 Ng6 5. Nf3 e6 6. dxe6 dxe6 7. Qxd8+ Kxd8 8. Nc3 Bd7 9. Bd3 Bc5 10. Bd2 Ke7 11. h4 h5 12. Ne4 Nxe4 13. Bxe4 f5 14. Bd3 a5 15. Ng5 e5 16. 0-0-0 a4 17. Bc4 Bc6 18. Ne6 Bd6 19. a3 b5 20. Ba2 Rac8 21. Rh3 Kf6 22. Bc3 Rce8 23. Ng5 Re7 24. Rf1 Nf8 25. e4 g6 26. Rg3 Rh6 27. Rd3 Bb7 28. Rfd1 1-0

[Event "IECC CL2-2008.03 email"]
[Site "IECC email"]
[Date "2008.03.25"]
[Round "?"]
[White "Lewis, Matthew"]
[Black "Stilman, Eduardo"]
[Result "1/2-1/2"]
[WhiteElo "2027"]
[BlackElo "2058"]
[PlyCount "55"]
[EventDate "2008.??.??"]
[EventType "tourn (corr)"]
[EventRounds "4"]
[SourceTitle "Corr 2013"]
[Source "ChessBase"]
[SourceDate "2012.11.12"]
[SourceVersion "1"]
[SourceVersionDate "2012.11.12"]
[SourceQuality "1"]
[WhiteTeam "India"]
[BlackTeam "US of America"]
[WhiteTeamCountry "IND"]
[BlackTeamCountry "USA"]

1. e4 c5 2. Nf3 d6 3. d4 cxd4 4. Nxd4 Nf6 5. Nc3 a6 6. Be3 e5 7. Nb3 Be6 8. f3 Be7 9. Qd2 0-0 10. 0-0-0 Nbd7 11. g4 b5 12. g5 b4 13. Ne2 Ne8 14. Kb1 a5 15. Ng3 a4 16. Nc1 Nc7 17. f4 exf4 18. Bxf4 Nc5 19. Qxb4 Rb8 20. Qc3 Bg4 21. Be2 Nb5 22. Bxb5 Rxb5 23. Nf5 Bxf5 24. exf5 Bxg5 25. Bxg5 Qxg5 26. Rhg1 Qh6 27. Qd4 Rfb8 28. b3 1/2-1/2

[Event "IECC P-4426"]
[Site "IECC email"]
[Date "2008.03.18"]
[Round "?"]
[White "Lewis, Matthew"]
[Black "Boys, Kenneth E"]
[Result "1/2-1/2"]
[WhiteElo "2031"]
[BlackElo "2034"]
[PlyCount "59"]
[EventDate "2008.??.??"]
[EventType "match (corr)"]
[SourceTitle "Corr 2013"]
[Source "ChessBase"]
[SourceDate "2012.11.12"]
[SourceVersion "1"]
[SourceVersionDate "2012.11.12"]
[SourceQuality "1"]
[WhiteTeam "US of America"]
[BlackTeam "Australia"]
[WhiteTeamCountry "USA"]
[BlackTeamCountry "AUS"]

1. e4 e5 2. Nf3 Nf6 3. Nxe5 d6 4. Nf3 Nxe4 5. d4 Be7 6. Bd3 f5 7. c4 0-0 8. 0-0 c5 9. Nc3 Nxc3 10. bxc3 Nc6 11. Bc2 Kh8 12. Re1 Bf6 13. Be3 b6 14. Rb1 Ba6 15. Bxf5 Bxc4 16. Qc2 Bd5 17. Be4 Bxe4 18. Qxe4 cxd4 19. cxd4 d5 20. Qe6 Rc8 21. a3 Re8 22. Qf5 Rf8 23. Qg4 Na5 24. Bg5 Bxg5 25. Nxg5 Qf6 26. f3 Kg8 27. Re5 Nc4 28. Rxd5 Qg6 29. Re1 Rce8 30. Ne6 1/2-1/2

[Event "IECG CP.2007.P.00063 email"]
[Site "IECG email"]
[Date "2007.10.01"]
[Round "?"]
[White "Caudill, Tommy A"]
[Black "Lewis, Matthew"]
[Result "0-1"]
[WhiteElo "1221"]
[BlackElo "1833"]
[PlyCount "36"]
[EventDate "2007.10.01"]
[EventType "tourn (corr)"]
[EventRounds "6"]
[SourceTitle "Corr 2011"]
[Source "ChessBase"]
[SourceDate "2010.08.31"]
[SourceVersion "1"]
[SourceVersionDate "2010.08.31"]
[SourceQuality "1"]

1. e4 e5 2. Nf3 Nc6 3. Nc3 Nf6 4. a3 d5 5. exd5 Nxd5 6. Nxd5 Qxd5 7. Be2 e4 8. c4 Qf5 9. Nh4 Qf6 10. g3 Bh3 11. Bg4 Ne5 12. Qa4+ b5 13. Qxb5+ c6 14. Qb3 Nxg4 15. Qb7 Qxf2+ 16. Kd1 Ne3+ 17. dxe3 Bg4+ 18. Nf3 Bxf3# 0-1

[Event "IECC CL2-2006.03 email"]
[Site "IECC email"]
[Date "2006.03.08"]
[Round "?"]
[White "Lewis, Matthew"]
[Black "Futida, Souitiro"]
[Result "1-0"]
[WhiteElo "2011"]
[BlackElo "2151"]
[PlyCount "101"]
[EventDate "2006.??.??"]
[EventType "tourn (corr)"]
[EventRounds "4"]
[SourceTitle "Corr 2015"]
[Source "ChessBase"]
[SourceDate "2015.07.17"]
[SourceVersion "1"]
[SourceVersionDate "2015.07.17"]
[SourceQuality "1"]

1. e4 c5 2. Nf3 e6 3. d4 cxd4 4. Nxd4 a6 5. Nc3 Qc7 6. Bd3 Nc6 7. Nxc6 dxc6 8. 0-0 e5 9. f4 Nf6 10. Kh1 Bd6 11. f5 b5 12. a4 b4 13. Nb1 0-0 14. Be3 Bb7 15. Nd2 c5 16. Nc4 Rad8 17. Qf3 Rd7 18. Rad1 Be7 19. Bf2 Rfd8 20. Rfe1 a5 21. Bg3 Bd6 22. b3 Re8 23. Bf1 Rdd8 24. Rd2 Ba8 25. Qd1 Bf8 26. Bxe5 Rxd2 27. Bxc7 Rxd1 28. Rxd1 Nxe4 29. Rd8 Rxd8 30. Bxd8 g6 31. fxg6 hxg6 32. Be2 Bg7 33. Bxa5 Bd4 34. Bc7 Kf8 35. a5 Bb7 36. h4 Ba6 37. g4 Ke7 38. Bf3 f5 39. gxf5 gxf5 40. Kg2 Ke6 41. Bf4 Bc3 42. Nb6 Bf6 43. h5 Bb7 44. h6 Kf7 45. Bh5+ Ke6 46. Kh2 Nc3 47. Nc4 Ne4 48. Ne5 Bxe5 49. Bxe5 Ng5 50. Bf4 Nh7 51. Be2 1-0

[Event "IECC CL2-2005.14 email"]
[Site "IECC email"]
[Date "2005.09.18"]
[Round "?"]
[White "Tew, Paul"]
[Black "Lewis, Matthew"]
[Result "1/2-1/2"]
[WhiteElo "2105"]
[BlackElo "2012"]
[PlyCount "35"]
[EventDate "2005.??.??"]
[EventType "tourn (corr)"]
[EventRounds "4"]
[SourceTitle "Corr 2008"]
[Source "ChessBase"]
[SourceDate "2008.06.24"]
[SourceVersion "1"]
[SourceVersionDate "2008.06.24"]
[SourceQuality "1"]

1. e4 d6 2. d4 Nf6 3. Nc3 g6 4. f4 Bg7 5. a3 0-0 6. Nf3 Nc6 7. Be2 d5 8. exd5 Nxd5 9. 0-0 Nxc3 10. bxc3 Na5 11. Ne5 c5 12. Be3 Bf5 13. Bd3 cxd4 14. cxd4 Bxd3 15. Qxd3 Rc8 16. Rab1 b6 17. Bd2 Nc6 18. Nxc6 1/2-1/2

[Event "IECC Swiss-501.1"]
[Site "IECC email"]
[Date "2005.09.10"]
[Round "?"]
[White "Krunski, Jan Maria"]
[Black "Lewis, Matthew"]
[Result "0-1"]
[WhiteElo "1722"]
[BlackElo "2031"]
[PlyCount "68"]
[EventDate "2005.??.??"]
[EventType "swiss (corr)"]
[EventRounds "1"]
[SourceTitle "Corr 2008"]
[Source "ChessBase"]
[SourceDate "2008.06.24"]
[SourceVersion "1"]
[SourceVersionDate "2008.06.24"]
[SourceQuality "1"]

1. e4 d6 2. Nc3 Nf6 3. d4 g6 4. Nf3 Bg7 5. Bd3 0-0 6. 0-0 c5 7. d5 Na6 8. Re1 Nc7 9. Bg5 Bg4 10. h3 Bxf3 11. Qxf3 Nd7 12. Qg3 h6 13. Bd2 Rb8 14. a4 Na6 15. Bxa6 bxa6 16. Rab1 c4 17. Qh4 Kh7 18. b4 cxb3 19. cxb3 Nc5 20. b4 Nd3 21. Red1 Nxb4 22. Ne2 a5 23. Bg5 Rb7 24. Nd4 Qd7 25. Nb3 Na6 26. Nxa5 Rxb1 27. Rxb1 Qxa4 28. Bxe7 Qa2 29. Rc1 Qxa5 30. Bxf8 Bxf8 31. Qf6 Nc5 32. Qxf7+ Bg7 33. f3 Qb6 34. Rb1 Qxb1+ 0-1

[Event "IECC CL3-2003.29 email"]
[Site "IECC email"]
[Date "2003.12.27"]
[Round "?"]
[White "Lewis, Matthew"]
[Black "Tew, Paul"]
[Result "1-0"]
[WhiteElo "2017"]
[BlackElo "1916"]
[PlyCount "83"]
[EventDate "2003.??.??"]
[EventType "tourn (corr)"]
[EventRounds "4"]
[SourceTitle "Corr 2008"]
[Source "ChessBase"]
[SourceDate "2008.06.24"]
[SourceVersion "1"]
[SourceVersionDate "2008.06.24"]
[SourceQuality "1"]

1. e4 e5 2. Nf3 Nf6 3. Nxe5 d6 4. Nf3 Nxe4 5. d4 d5 6. Bd3 Nc6 7. 0-0 Be7 8. Re1 Bg4 9. c3 f5 10. Qb3 Qd6 11. Nfd2 0-0-0 12. f3 Bh4 13. Rf1 Bh3 14. Qc2 Qg6 15. Nb3 Rhf8 16. Bf4 Rde8 17. Na3 Bg5 18. fxe4 fxe4 19. Bxg5 exd3 20. Qd2 Bf5 21. Be3 h5 22. Rf2 h4 23. Raf1 h3 24. g3 Rf7 25. Nc5 Nd8 26. c4 b6 27. Na6 Kb7 28. Nb4 Qe6 29. Bg5 dxc4 30. d5 Qe4 31. Bxd8 Rxd8 32. Re1 Qd4 33. Nc6 Qxd5 34. Nxd8+ Qxd8 35. Nxc4 Bg6 36. Rxf7 Bxf7 37. Ne5 Qd4+ 38. Re3 Bxa2 39. Qxd3 Qc5 40. Qc3 Qd5 41. Nf3 Qd7 42. Qd3 1-0

[Event "IECG CP.2003.P.00083 email"]
[Site "IECG email"]
[Date "2003.10.01"]
[Round "?"]
[White "Lewis, Matthew"]
[Black "Zub, Dmitry"]
[Result "1-0"]
[WhiteElo "1814"]
[BlackElo "783"]
[PlyCount "41"]
[EventDate "2003.10.01"]
[EventType "tourn (corr)"]
[EventRounds "6"]
[EventCountry "RUS"]
[SourceTitle "Corr 2008"]
[Source "ChessBase"]
[SourceDate "2008.06.24"]
[SourceVersion "1"]
[SourceVersionDate "2008.06.24"]
[SourceQuality "1"]

1. e4 e5 2. Nf3 Nc6 3. Bb5 Nf6 4. 0-0 d5 5. Nxe5 Bd7 6. Nxd7 Qxd7 7. exd5 Nxd5 8. Re1+ Be7 9. c4 Nf6 10. d4 0-0 11. d5 Bb4 12. Nc3 a6 13. Ba4 Bxc3 14. bxc3 b5 15. dxc6 Qxc6 16. Bb3 bxc4 17. Ba4 Qd6 18. Qxd6 cxd6 19. Ba3 Rfd8 20. Rad1 d5 21. Be7 1-0

[Event "IECC KO email"]
[Site "IECC email"]
[Date "2003.06.03"]
[Round "?"]
[White "Lewis, Matthew"]
[Black "Newton, Hobart E"]
[Result "1/2-1/2"]
[WhiteElo "2012"]
[BlackElo "1956"]
[PlyCount "62"]
[EventDate "2003.??.??"]
[EventType "tourn (corr)"]
[EventRounds "6"]
[SourceTitle "Corr 2008"]
[Source "ChessBase"]
[SourceDate "2008.06.24"]
[SourceVersion "1"]
[SourceVersionDate "2008.06.24"]
[SourceQuality "1"]

1. e4 c6 2. d4 d5 3. Nc3 dxe4 4. Nxe4 Nd7 5. Bc4 Ngf6 6. Nxf6+ exf6 7. Nf3 Nb6 8. Be2 Bb4+ 9. c3 Bd6 10. c4 Bb4+ 11. Bd2 Bxd2+ 12. Qxd2 0-0 13. 0-0 Bg4 14. b3 Qd7 15. a4 Rad8 16. Rad1 Rfe8 17. Rfe1 Re4 18. a5 Nc8 19. d5 Qc7 20. h3 Bh5 21. Nd4 Bxe2 22. Rxe2 cxd5 23. Nb5 Rxe2 24. Nxc7 Rxd2 25. Rxd2 Ne7 26. Nxd5 Kf8 27. f4 Nxd5 28. cxd5 Rc8 29. Rd4 Ke7 30. b4 Rc2 31. Kh2 Kd6 1/2-1/2